[Event "DVM U12w 2022"]
[Site "Berlin GER"]
[Date "2022.12.27"]
[Round "2"]
[White "Xiao, Yiyi"]
[Black "Bauer, Laura Sophie"]
[Result "0-1"]
[Termination "normal"]
[Board "1.1"]
[WhiteElo "1162"]
[BlackElo "1388"]
[WhiteTeam "SC Weisse Dame e.V."]
[BlackTeam "Schachfreunde Roding"]
[PlyCount "120"]
[WhiteFideId "34605665"]
[BlackFideId "16253647"]
[EventCountry "GER"]
[EventRounds "7"]
[EventType "team-swiss"]
[EventDate "2022.12.26"]

{normal} 1. e4 e5 2. Nf3 Nc6 3. Bc4 Bc5 4. Nc3 Nf6 5. d3 h6 6. Be3 Bb6 7. h3
O-O 8. Qd2 Bxe3 9. fxe3 d6 10. O-O Be6 11. Bb3 Qd7 12. d4 exd4 13. exd4 Bxb3
14. axb3 Rfe8 15. Rae1 Rad8 16. Nh4 d5 17. e5 Ne4 18. Nxe4 dxe4 19. Rxe4 Rxe5
20. Rxe5 Nxe5 21. c3 Nc6 22. Nf3 Re8 23. Re1 Na5 24. Ne5 Qe6 25. d5 Qb6 26. Kh1
Nxb3 27. Nd7 Rxe1 28. Qxe1 Qd6 29. Qe8 Kh7 30. Qxf7 Nc5 31. Nf8 Kh8 32. Ne6
Nxe6 33. Qxe6 Qxe6 34. dxe6 Kg8 35. Kg1 Kf8 36. Kf2 Ke7 37. Ke3 Kxe6 38. g4 Ke5
39. c4 c5 40. b3 g5 41. Ke2 Ke4 42. Kf2 a6 43. Ke2 b5 44. cxb5 axb5 45. Kd2 Kd4
46. Ke2 Kc3 47. Ke3 Kxb3 48. Ke4 c4 49. Kf5 c3 50. Kg6 c2 51. Kxh6 c1=Q 52. Kh5
Qe3 53. h4 gxh4 54. Kxh4 Qh6 55. Kg3 Kc3 56. Kf3 b4 57. Ke4 b3 58. Kf5 b2 59.
g5 Qg7 60. g6 b1=R 0-1

[Event "DVM U12w 2022"]
[Site "Berlin GER"]
[Date "2022.12.27"]
[Round "2"]
[White "Schwarzfischer, Julia"]
[Black "Zhou, Leyi Charlotte"]
[Result "1-0"]
[Termination "normal"]
[Board "1.2"]
[WhiteElo "1272"]
[BlackElo "1320"]
[WhiteTeam "Schachfreunde Roding"]
[BlackTeam "SC Weisse Dame e.V."]
[PlyCount "73"]
[WhiteFideId "16268105"]
[BlackFideId "16258100"]
[EventCountry "GER"]
[EventRounds "7"]
[EventType "team-swiss"]
[EventDate "2022.12.26"]

{normal} 1. e4 e5 2. Bc4 Nf6 3. d3 c6 4. Nf3 d5 5. exd5 cxd5 6. Bb5 Nc6 7. Nxe5
Qe7 8. d4 a6 9. Bxc6 bxc6 10. O-O Qc7 11. Re1 Be7 12. Bf4 Qb7 13. b3 O-O 14.
Nxc6 Qxc6 15. Rxe7 Be6 16. Rc7 Qb6 17. Rc3 Rfe8 18. Rg3 Qb4 19. c3 Qe7 20. Be5
Bf5 21. Qf3 Bg6 22. Nd2 Kh8 23. h4 h5 24. c4 dxc4 25. Nxc4 Kg8 26. Nd6 Red8 27.
Nf5 Qe6 28. Nd6 Ng4 29. Re1 Rxd6 30. Qxa8 Kh7 31. Qf8 f6 32. Qxd6 Qf5 33. Bf4
Qc2 34. Rxg4 hxg4 35. Re7 Qd1 36. Kh2 Qc2 37. Qxf6 1-0

[Event "DVM U12w 2022"]
[Site "Berlin GER"]
[Date "2022.12.27"]
[Round "2"]
[White "John, Linnea"]
[Black "Schwarzfischer, Ramona"]
[Result "1-0"]
[Termination "normal"]
[Board "1.3"]
[WhiteElo "1326"]
[BlackElo "796"]
[WhiteTeam "SC Weisse Dame e.V."]
[BlackTeam "Schachfreunde Roding"]
[PlyCount "91"]
[WhiteFideId "34623680"]
[BlackFideId "16268113"]
[EventCountry "GER"]
[EventRounds "7"]
[EventType "team-swiss"]
[EventDate "2022.12.26"]

{normal} 1. e4 e5 2. Nf3 Nc6 3. d4 exd4 4. Nxd4 Bb4 5. c3 Bc5 6. Nxc6 bxc6 7.
Bd3 Nf6 8. O-O d5 9. exd5 cxd5 10. Re1 Be6 11. Bb5 Ke7 12. b4 Bb6 13. Bg5 a6
14. Bc6 Kf8 15. Bxa8 Qxa8 16. Bxf6 gxf6 17. Qf3 f5 18. c4 c6 19. c5 Bc7 20. Qc3
Rg8 21. Qf6 a5 22. Rxe6 Bd8 23. Qh6 Rg7 24. Re8 Kxe8 25. Qxg7 axb4 26. Nd2 Qa5
27. Re1 Kd7 28. Qxf7 Kc8 29. Qe6 Kb7 30. Qd7 Ka6 31. Qxc6 Ka7 32. Nb3 Qxa2 33.
Ra1 Qxa1 34. Nxa1 Kb8 35. Qd6 Bc7 36. Qxd5 f4 37. c6 f3 38. Qg8 Ka7 39. Qc8 Kb6
40. Qb7 Kc5 41. Qxc7 h5 42. Qd7 Kb6 43. c7 b3 44. c8=Q b2 45. Qdb7 Ka5 46.
Qca8# 1-0

[Event "DVM U12w 2022"]
[Site "Berlin GER"]
[Date "2022.12.27"]
[Round "2"]
[White "Hoffmann, Svenja"]
[Black "Richter, Johanna"]
[Result "1/2-1/2"]
[Termination "normal"]
[Board "2.1"]
[WhiteElo "1431"]
[BlackElo "1390"]
[WhiteTeam "Schachzwerge Magdeburg"]
[BlackTeam "Sfr. Heidesheim"]
[PlyCount "60"]
[WhiteFideId "16287312"]
[BlackFideId "16278925"]
[EventCountry "GER"]
[EventRounds "7"]
[EventType "team-swiss"]
[EventDate "2022.12.26"]

{normal} 1. e4 c5 2. Nf3 Nc6 3. d4 cxd4 4. Nxd4 Nf6 5. Nc3 e5 6. Nf3 Bb4 7. Bd3
O-O 8. Bd2 d6 9. O-O a6 10. a3 Bc5 11. Bg5 h6 12. Bh4 Be6 13. Re1 Nd4 14. h3 b5
15. b4 Ba7 16. Nd5 Bxd5 17. exd5 Rc8 18. Rc1 Re8 19. c3 Nxf3 20. Qxf3 g5 21.
Bg3 Qe7 22. Be4 Rc4 23. h4 Nxe4 24. Rxe4 Rxe4 25. Qxe4 f6 26. hxg5 fxg5 27. Qg6
Kh8 28. Qxh6 Kg8 29. Qg6 Kh8 30. Qh6 Kg8 1/2-1/2

[Event "DVM U12w 2022"]
[Site "Berlin GER"]
[Date "2022.12.27"]
[Round "2"]
[White "Bakó, Isabella"]
[Black "Rössling, Laura Marie"]
[Result "1-0"]
[Termination "normal"]
[Board "2.2"]
[WhiteElo "1202"]
[BlackElo "1360"]
[WhiteTeam "Sfr. Heidesheim"]
[BlackTeam "Schachzwerge Magdeburg"]
[PlyCount "95"]
[WhiteFideId "16287266"]
[BlackFideId "16289471"]
[EventCountry "GER"]
[EventRounds "7"]
[EventType "team-swiss"]
[EventDate "2022.12.26"]

{normal} 1. e4 e5 2. Nf3 Nc6 3. Bb5 d6 4. c3 Bd7 5. d4 exd4 6. cxd4 Nf6 7. O-O
Be7 8. Re1 O-O 9. h3 Qe8 10. Nc3 h6 11. e5 dxe5 12. Nxe5 Qd8 13. Nxd7 Qxd7 14.
d5 a6 15. Qe2 Nd4 16. Bxd7 Nxe2 17. Rxe2 Nxd7 18. Rxe7 Nc5 19. Rxc7 Nd3 20. d6
Rad8 21. Ne4 f5 22. Nc5 Nxc5 23. Rxc5 Rxd6 24. Bf4 Rd4 25. Be5 Re4 26. Bc3 b6
27. Rc6 Rb8 28. Rc7 h5 29. Rxg7 Kf8 30. Rh7 Rbe8 31. Rd1 R4e7 32. Bb4 Kg8 33.
Rxe7 Rxe7 34. Bxe7 Kf7 35. Bh4 b5 36. Rd6 a5 37. Kh2 b4 38. Kg3 a4 39. Kf4 a3
40. b3 Kg7 41. Kg5 f4 42. Rd7 Kf8 43. Kf6 Kg8 44. Rf7 f3 45. g4 hxg4 46. Kg6
gxh3 47. Be7 h2 48. Rf8# 1-0

[Event "DVM U12w 2022"]
[Site "Berlin GER"]
[Date "2022.12.27"]
[Round "2"]
[White "Funke, Luise"]
[Black "Krannich, Eva"]
[Result "0-1"]
[Termination "normal"]
[Board "2.3"]
[WhiteElo "1091"]
[BlackElo "948"]
[WhiteTeam "Schachzwerge Magdeburg"]
[BlackTeam "Sfr. Heidesheim"]
[PlyCount "92"]
[WhiteFideId "34623752"]
[BlackFideId "34639713"]
[EventCountry "GER"]
[EventRounds "7"]
[EventType "team-swiss"]
[EventDate "2022.12.26"]

{normal} 1. e4 e6 2. d4 d5 3. exd5 exd5 4. Nc3 c6 5. Nf3 Bd6 6. Bd3 Ne7 7. O-O
Bg4 8. Be2 Nd7 9. h3 Bh5 10. Re1 Qc7 11. b3 O-O-O 12. a4 Nb8 13. a5 a6 14. Ba3
Bxa3 15. Rxa3 Qd6 16. Ra4 Rd7 17. b4 h6 18. Qa1 Bg6 19. Ne5 Rc7 20. Bg4 Kd8 21.
Rb1 Ng8 22. Bf5 Bxf5 23. b5 Bxc2 24. b6 Re7 25. Qb2 Bxb1 26. Qxb1 Nd7 27. Nd3
Ngf6 28. Ra1 Ne4 29. Ne2 g5 30. Ng3 Nxg3 31. fxg3 Qxg3 32. Nf2 h5 33. Qf1 g4
34. Nh1 Qe3 35. Nf2 g3 36. Ra2 Qe1 37. Nd3 Qxf1 38. Kxf1 Re3 39. Rd2 Rf8 40.
Rd1 f5 41. Nf4 Nf6 42. Nd3 Ne4 43. h4 Nc3 44. Rd2 f4 45. Nxf4 Rxf4 46. Kg1 Re1#
0-1

[Event "DVM U12w 2022"]
[Site "Berlin GER"]
[Date "2022.12.27"]
[Round "2"]
[White "Leicher, Anna"]
[Black "Polster, Martha"]
[Result "1/2-1/2"]
[Termination "normal"]
[Board "3.1"]
[WhiteElo "1248"]
[BlackElo "1017"]
[WhiteTeam "FC Bayern München e.V."]
[BlackTeam "SchVgg Blankenese von 1923 e.V."]
[PlyCount "57"]
[WhiteFideId "34614966"]
[BlackFideId "34639845"]
[EventCountry "GER"]
[EventRounds "7"]
[EventType "team-swiss"]
[EventDate "2022.12.26"]

{normal} 1. e4 e5 2. Nf3 Nf6 3. Nxe5 d6 4. Nf3 Nxe4 5. Qe2 Qe7 6. Nc3 Nxc3 7.
dxc3 Nc6 8. Bf4 Bf5 9. O-O-O O-O-O 10. Ng5 Re8 11. Qxe7 Rxe7 12. Bc4 Be6 13.
Nxe6 fxe6 14. Bg5 Re8 15. Rhe1 d5 16. Bxd5 Bc5 17. Bxe6 Kb8 18. Bh4 Bd6 19. Bg3
Bc5 20. Rd7 Bb6 21. f3 g5 22. Rg7 Nd8 23. Bf5 Rxe1 24. Bxe1 a6 25. Rxh7 Rf8 26.
Bd3 Ne6 27. Bd2 Re8 28. Bg6 Rd8 29. Re7 1/2-1/2

[Event "DVM U12w 2022"]
[Site "Berlin GER"]
[Date "2022.12.27"]
[Round "2"]
[White "Fettan, Nua"]
[Black "Ramakrishnan, Veda"]
[Result "1/2-1/2"]
[Termination "normal"]
[Board "3.2"]
[WhiteElo "1103"]
[BlackElo "1142"]
[WhiteTeam "SchVgg Blankenese von 1923 e.V."]
[BlackTeam "FC Bayern München e.V."]
[PlyCount "71"]
[WhiteFideId "34637362"]
[BlackFideId "16269519"]
[EventCountry "GER"]
[EventRounds "7"]
[EventType "team-swiss"]
[EventDate "2022.12.26"]

{normal} 1. e4 c6 2. Nc3 d5 3. d4 dxe4 4. Nxe4 Nf6 5. Nxf6 exf6 6. Nf3 Bg4 7.
Be2 Be7 8. Be3 O-O 9. O-O Nd7 10. h3 Bh5 11. Nh4 Bg6 12. Nxg6 fxg6 13. Bc4 Kh8
14. Re1 Nb6 15. Bb3 Qc7 16. Qf3 Bd6 17. g3 Rfe8 18. c4 Bb4 19. Re2 Qd7 20. Rd1
Qxh3 21. a3 Ba5 22. Ba2 Nd7 23. b4 Bc7 24. Rde1 Re7 25. Bf4 Ne5 26. dxe5 fxe5
27. Bxe5 Bxe5 28. Rxe5 Rxe5 29. Rxe5 Qd7 30. c5 Rd8 31. Re6 Qd2 32. Bb3 Qc1 33.
Kg2 Qxa3 34. Qf7 Qxb3 35. Re8 Rxe8 36. Qxe8 1/2-1/2

[Event "DVM U12w 2022"]
[Site "Berlin GER"]
[Date "2022.12.27"]
[Round "2"]
[White "Türel, Tugce"]
[Black "Shynkar, Daria"]
[Result "1/2-1/2"]
[Termination "normal"]
[Board "4.1"]
[WhiteElo "1318"]
[BlackElo "1089"]
[WhiteTeam "Schachfreunde München e.V."]
[BlackTeam "SchachAkademiePaderborn e. V."]
[PlyCount "50"]
[WhiteFideId "26350602"]
[BlackFideId "34163212"]
[EventCountry "GER"]
[EventRounds "7"]
[EventType "team-swiss"]
[EventDate "2022.12.26"]

{normal} 1. e4 c5 2. Nf3 Nc6 3. c4 e5 4. d3 Nf6 5. Nc3 d6 6. h3 Be7 7. Be2 O-O
8. O-O Rb8 9. Nd5 a6 10. Be3 b5 11. b3 Nd7 12. Nd2 f5 13. exf5 Rxf5 14. Bg4 Rf8
15. f4 exf4 16. Rxf4 Nde5 17. Bf3 Rxf4 18. Bxf4 Nxd3 19. Nxe7 Nxe7 20. Bg5 Ne5
21. Bd5 Kh8 22. Qh5 N5g6 23. Be4 Qg8 24. Re1 Bb7 25. Bxe7 Nxe7 1/2-1/2

[Event "DVM U12w 2022"]
[Site "Berlin GER"]
[Date "2022.12.27"]
[Round "2"]
[White "Hladeniuk, Yelyzaveta"]
[Black "Mandzuk, Varvara"]
[Result "1-0"]
[Termination "normal"]
[Board "4.2"]
[WhiteElo "1146"]
[BlackElo "1075"]
[WhiteTeam "SchachAkademiePaderborn e. V."]
[BlackTeam "Schachfreunde München e.V."]
[PlyCount "93"]
[WhiteFideId "34176128"]
[BlackFideId "34638016"]
[EventCountry "GER"]
[EventRounds "7"]
[EventType "team-swiss"]
[EventDate "2022.12.26"]

{normal} 1. d4 d5 2. c4 e6 3. Nc3 Nf6 4. cxd5 exd5 5. Bg5 Bb4 6. e3 Bxc3+ 7.
bxc3 Nc6 8. Nf3 Be6 9. Qb3 Rb8 10. Bb5 Bd7 11. Bxf6 Qxf6 12. Qxd5 Rd8 13. Qe4+
Ne7 14. Bxd7+ Rxd7 15. Qxb7 O-O 16. O-O Nc6 17. Qb5 h6 18. Rfb1 Rb8 19. Qc5
Rxb1+ 20. Rxb1 Re7 21. Rb5 Kh7 22. Qf5+ Qxf5 23. Rxf5 a5 24. Rc5 Re6 25. d5 Rd6
26. Rxc6 Rxd5 27. Nd4 a4 28. Rxc7 f6 29. h3 Ra5 30. c4 {Hier wurde c5 von
beiden aufgeschrieben...deshalb AbwartezÃ1/4ge um in die Stellung nach c5 zu
kommen.} Kh8 31. Kh1 Kg8 32. Kg1 Kh7 33. c5 {hier geht die Partie weiter} a3
34. c6 Rc5 35. Ra7 Rc1+ 36. Kh2 Rc3 37. Kg3 Kg6 38. c7 f5 39. Kh2 h5 40. Nb5
Rc6 41. Ra8 Kg5 42. c8=Q Rxc8 43. Rxc8 Kh4 44. Nxa3 g5 45. Nc4 g4 46. Rg8 gxh3
47. g3# 1-0

[Event "DVM U12w 2022"]
[Site "Berlin GER"]
[Date "2022.12.27"]
[Round "2"]
[White "Lola, Georgia-Maria"]
[Black "Cao, Weiqi"]
[Result "1-0"]
[Termination "normal"]
[Board "4.3"]
[WhiteElo "1001"]
[BlackElo "1116"]
[WhiteTeam "Schachfreunde München e.V."]
[BlackTeam "SchachAkademiePaderborn e. V."]
[PlyCount "43"]
[WhiteFideId "34629335"]
[BlackFideId "34630112"]
[EventCountry "GER"]
[EventRounds "7"]
[EventType "team-swiss"]
[EventDate "2022.12.26"]

{normal} 1. e4 e6 2. d4 d5 3. exd5 exd5 4. Nf3 Bd6 5. Nc3 Ne7 6. h3 O-O 7. Bd3
c6 8. O-O Bf5 9. Bxf5 Nxf5 10. Ne2 Re8 11. Qd3 Na6 12. Qxf5 Rxe2 13. Ng5 Re8
14. Qxh7 Kf8 15. Qh8 Ke7 16. Qxg7 Rf8 17. Re1 Kd7 18. Ne6 Re8 19. Bg5 Qb6 20.
Qxf7 Be7 21. Nf8 Rxf8 22. Qxe7 1-0

[Event "DVM U12w 2022"]
[Site "Berlin GER"]
[Date "2022.12.27"]
[Round "2"]
[White "Prokscha, Charlotte"]
[Black "Mehner, Clara"]
[Result "1-0"]
[Termination "normal"]
[Board "5.1"]
[WhiteElo "1430"]
[BlackElo "1200"]
[WhiteTeam "SC Garching 1980 e.V. 1"]
[BlackTeam "USG Chemnitz"]
[PlyCount "84"]
[WhiteFideId "34614699"]
[BlackFideId "34612165"]
[EventCountry "GER"]
[EventRounds "7"]
[EventType "team-swiss"]
[EventDate "2022.12.26"]

{normal} 1. d4 d5 2. Bf4 Bf5 3. e3 e6 4. Nf3 c5 5. c3 Nc6 6. Be2 Nf6 7. Ne5 Qb6
8. Qb3 Qxb3 9. axb3 Bc2 10. Bb5 Rc8 11. Nd2 a6 12. Bxc6 bxc6 13. Rxa6 cxd4 14.
exd4 Bd6 15. b4 O-O 16. Bg3 Bxe5 17. Bxe5 Ng4 18. Nf3 Be4 19. Ke2 f6 20. Bf4 e5
21. dxe5 fxe5 22. Bg3 Bxf3 23. gxf3 Nf6 24. Rg1 Kh8 25. Bxe5 Rfe8 26. f4 Re7
27. Kd3 Nd7 28. Bd4 Rf7 29. Ra7 c5 30. bxc5 Ne5 31. fxe5 Rxa7 32. f4 Rf8 33.
Be3 Ra2 34. Rg2 Kg8 35. Kd4 Rd8 36. e6 Ra4 37. b4 Ra7 38. f5 h5 39. f6 Kh8 40.
f7 Rc7 41. Bf4 Rb7 42. Be5 Kh7 {Partie nicht mehr nachvollziehbar} 1-0

[Event "DVM U12w 2022"]
[Site "Berlin GER"]
[Date "2022.12.27"]
[Round "2"]
[White "Mo, Keyou"]
[Black "Doberchak, Emily Alice"]
[Result "1-0"]
[Termination "normal"]
[Board "5.2"]
[WhiteElo "1138"]
[BlackElo "883"]
[WhiteTeam "USG Chemnitz"]
[BlackTeam "SC Garching 1980 e.V. 1"]
[PlyCount "43"]
[WhiteFideId "34623582"]
[BlackFideId "34630139"]
[EventCountry "GER"]
[EventRounds "7"]
[EventType "team-swiss"]
[EventDate "2022.12.26"]

{normal} 1. e4 e5 2. Nf3 Nc6 3. Bc4 Bc5 4. Nc3 Nf6 5. d3 d6 6. Bg5 Bd7 7. Nd5
h6 8. Nxf6 gxf6 9. Be3 Qe7 10. Qe2 Bxe3 11. fxe3 f5 12. exf5 Bxf5 13. e4 Bg4
14. Qf2 f6 15. O-O-O Nd4 16. Nxd4 Bxd1 17. Nf5 Qf8 18. Rxd1 O-O-O 19. Qxa7 Kd7
20. Qxb7 Rb8 21. Bb5 Ke6 22. Qd5# 1-0

[Event "DVM U12w 2022"]
[Site "Berlin GER"]
[Date "2022.12.27"]
[Round "2"]
[White "Berger, Jennifer"]
[Black "Fruth, Julia"]
[Result "1-0"]
[Termination "normal"]
[Board "5.3"]
[WhiteElo "918"]
[BlackElo "1081"]
[WhiteTeam "SC Garching 1980 e.V. 1"]
[BlackTeam "USG Chemnitz"]
[PlyCount "86"]
[WhiteFideId "34630074"]
[BlackFideId "34603050"]
[EventCountry "GER"]
[EventRounds "7"]
[EventType "team-swiss"]
[EventDate "2022.12.26"]

{normal} 1. e4 c5 2. d4 cxd4 3. c3 Nf6 4. Bd3 d6 5. cxd4 Nc6 6. Nf3 Bg4 7. Bc2
Bxf3 8. gxf3 g6 9. Ba4 Qa5 10. Bd2 Qb6 11. Bc3 Bg7 12. d5 O-O 13. dxc6 bxc6 14.
Nd2 Nh5 15. Qb3 Bxc3 16. Qxc3 Rac8 17. Rg1 Nf4 18. Nb3 Qa6 19. Qe3 Nd3 20. Kd2
Nxb2 21. Kc2 Nxa4 22. Nd4 Qc4 23. Kd2 Qb4 24. Ke2 Qb2 25. Qd2 Nc3 26. Kd3 Qxd2
27. Kxd2 Na4 28. Nf5 Rfe8 29. Nh6 Kg7 30. Nf5 Kg8 31. Nh6 Kf8 32. h4 e5 33.
Rab1 Kg7 34. Ng4 f5 35. Ne3 fxe4 36. fxe4 h5 37. Rb7 Kh6 38. Nc4 Nc5 39. Rxa7
Nxe4 40. Ke3 d5 41. Nxe5 g5 42. Nf7 Kg6 43. Nxg5 Nxg5 1-0

[Event "DVM U12w 2022"]
[Site "Berlin GER"]
[Date "2022.12.27"]
[Round "2"]
[White "Sayouf, Raya"]
[Black "Anaparthi, Anika"]
[Result "0-1"]
[Termination "normal"]
[Board "5.4"]
[WhiteElo "772"]
[BlackElo "833"]
[WhiteTeam "USG Chemnitz"]
[BlackTeam "SC Garching 1980 e.V. 1"]
[PlyCount "142"]
[WhiteFideId "34639870"]
[BlackFideId "34639608"]
[EventCountry "GER"]
[EventRounds "7"]
[EventType "team-swiss"]
[EventDate "2022.12.26"]

{normal} 1. e4 e5 2. Nf3 Nc6 3. Nc3 Nf6 4. Bc4 Bb4 5. Ng5 d5 6. exd5 Nxd5 7.
Bxd5 Qxg5 8. O-O Bh3 9. Nb5 O-O 10. d3 e4 11. Bxg5 Bd7 12. dxe4 Ne5 13. Nxc7
Rac8 14. Nb5 Bxb5 15. c4 Bxc4 16. Bd2 Bxf1 17. Kxf1 Be7 18. Bxb7 Rcd8 19. Bd5
Bf6 20. Be3 Rd7 21. Qe1 Nd3 22. Qe2 Nxb2 23. g3 Na4 24. Bc6 Rc7 25. Rc1 Nb6 26.
Bxb6 axb6 27. e5 Bg5 28. f4 Be7 29. Qb5 Rb8 30. Rd1 h6 31. Bd5 Rc2 32. e6 Rxh2
33. exf7 Kf8 34. Kg1 Rc2 35. Be4 Rxa2 36. Bd5 Ra3 37. Rd3 Ra5 38. Qc4 b5 39.
Qc2 b4 40. g4 Bd6 41. f5 Bc5 42. Kf1 Bd6 43. Bc4 Be7 44. Re3 Ra1 45. Re1 Ra3
46. Re2 Rf3 47. Kg2 Rf4 48. Kg3 Bd6 49. Qd2 Rd4 50. Kf3 Rxd2 51. Rxd2 b3 52.
Rxd6 b2 53. Bd3 Kxf7 54. Kf4 Rb3 55. Bc4 Ke7 56. Re6 Kd7 57. Bxb3 b1=Q 58. Re3
Qf1 59. Ke4 Qg2 60. Kd3 Qxg4 61. Ba4 Kc7 62. Bb3 Qxf5 63. Re4 h5 64. Ke3 g5 65.
Ra4 h4 66. Kd4 h3 67. Ra2 Qf4 68. Kc5 h2 69. Ra7 Kb8 70. Ra1 Qe5 71. Kb4 Qxa1
0-1

[Event "DVM U12w 2022"]
[Site "Berlin GER"]
[Date "2022.12.27"]
[Round "2"]
[White "Abram, Kristina-Maria"]
[Black "Hofmeier, Viktoria"]
[Result "1-0"]
[Termination "normal"]
[Board "6.1"]
[WhiteElo "1166"]
[BlackElo "988"]
[WhiteTeam "Hamburger SK von 1830 eV"]
[BlackTeam "SC Garching 1980 e.V. 2"]
[PlyCount "107"]
[WhiteFideId "16298349"]
[BlackFideId "34639675"]
[EventCountry "GER"]
[EventRounds "7"]
[EventType "team-swiss"]
[EventDate "2022.12.26"]

{normal} 1. e4 e5 2. Nf3 Nc6 3. Nc3 Nf6 4. d4 d6 5. dxe5 Nxe5 6. Nxe5 dxe5 7.
Qxd8 Kxd8 8. Bg5 Be7 9. O-O-O Bd7 10. Bc4 Ke8 11. Rd2 Bc6 12. f3 h6 13. Bh4 Nd7
14. Bxe7 Kxe7 15. Nd5 Bxd5 16. Bxd5 c6 17. Bxf7 Rhf8 18. Bg6 Rf6 19. Bf5 Rd6
20. Rxd6 Kxd6 21. Rd1 Kc5 22. Rxd7 Kb6 23. Rxg7 Rd8 24. Rd7 Rg8 25. g3 Rg5 26.
Re7 Rh5 27. h3 Rg5 28. g4 h5 29. Rxe5 hxg4 30. hxg4 Rg8 31. Re7 Rf8 32. g5 Rg8
33. g6 Kc5 34. Bg4 Rxg6 35. Rxb7 a5 36. Kd2 Rd6 37. Ke3 Rd1 38. e5 Re1 39. Kf4
Re2 40. e6 Kd6 41. Rd7 Kc5 42. e7 a4 43. Bh5 a3 44. bxa3 Rxc2 45. e8=Q Rxa2 46.
Qe5 Kb6 47. Qb8 Kc5 48. Rc7 Rxa3 49. Qf8 Kb6 50. Rxc6 Kxc6 51. Qxa3 Kd7 52. Qc5
Ke6 53. Ke4 Kf6 54. Qe5# 1-0

[Event "DVM U12w 2022"]
[Site "Berlin GER"]
[Date "2022.12.27"]
[Round "2"]
[White "Piffczyk, Sandra"]
[Black "Yan, Jenny"]
[Result "0-1"]
[Termination "normal"]
[Board "6.2"]
[WhiteElo "965"]
[BlackElo "954"]
[WhiteTeam "SC Garching 1980 e.V. 2"]
[BlackTeam "Hamburger SK von 1830 eV"]
[PlyCount "120"]
[WhiteFideId "34630309"]
[BlackFideId "34630376"]
[EventCountry "GER"]
[EventRounds "7"]
[EventType "team-swiss"]
[EventDate "2022.12.26"]

{normal} 1. e4 e5 2. Nf3 Nc6 3. Nc3 Nf6 4. Bb5 a6 5. Ba4 Bb4 6. d3 d6 7. O-O
O-O 8. Bg5 h6 9. Bh4 Bg4 10. h3 Bh5 11. Nd5 g5 12. Bg3 Nxd5 13. exd5 Nd4 14. c3
Nxf3 15. gxf3 Bc5 16. c4 Qf6 17. Kg2 Kh7 18. Bc2 Bg6 19. b3 Qe7 20. Qe2 f5 21.
a3 f4 22. Bh2 Bd4 23. Rab1 Qd7 24. a4 Bf5 25. Kh1 Bxh3 26. Rg1 c6 27. dxc6 Qxc6
28. Bd1 Qc5 29. Rb2 Bxb2 30. Qxb2 Qd4 31. Qe2 d5 32. Bc2 dxc4 33. dxc4 Bf5 34.
Bd1 e4 35. Qe1 exf3 36. Bxf3 Rfe8 37. Qd1 Qxd1 38. Rxd1 Be4 39. Bxe4 Rxe4 40.
Rd7 Kg6 41. Rxb7 Ree8 42. Bg1 Reb8 43. Rxb8 Rxb8 44. c5 Rxb3 45. f3 Rb8 46. Kg2
Kf5 47. Kf2 Rc8 48. Ke2 Ke5 49. Kd3 Kd5 50. Kc3 Rxc5 51. Bxc5 Kxc5 52. Kb3 h5
53. Ka3 h4 54. Kb3 h3 55. Ka3 h2 56. Kb3 h1=Q 57. Ka3 Qa1 58. Kb3 Qb1 59. Ka3
Kc4 60. a5 Qb3# 0-1

[Event "DVM U12w 2022"]
[Site "Berlin GER"]
[Date "2022.12.27"]
[Round "2"]
[White "Fomenkova, Elina"]
[Black "Werner, Amelie"]
[Result "0-1"]
[Termination "normal"]
[Board "6.3"]
[WhiteElo "996"]
[BlackElo "872"]
[WhiteTeam "Hamburger SK von 1830 eV"]
[BlackTeam "SC Garching 1980 e.V. 2"]
[PlyCount "62"]
[WhiteFideId "34623760"]
[BlackFideId "34639900"]
[EventCountry "GER"]
[EventRounds "7"]
[EventType "team-swiss"]
[EventDate "2022.12.26"]

{normal} 1. Nf3 e6 2. b3 Nf6 3. Bb2 Nc6 4. e3 d5 5. d4 g6 6. Be2 Bg7 7. Nbd2
Ne4 8. O-O O-O 9. c4 Ne7 10. Qb1 f5 11. c5 g5 12. Nxe4 g4 13. Ne5 dxe4 14. Rd1
Bd7 15. f4 gxf3 16. gxf3 Nc6 17. Nxd7 Qxd7 18. a3 Qf7 19. Bc4 Qg6 20. Kf2 Rae8
21. d5 Na5 22. Bb5 c6 23. b4 cxb5 24. bxa5 Bf6 25. d6 Bh4 26. Kf1 Qg5 27. Bc1
exf3 28. Ra2 Rf7 29. e4 Qg6 30. Rdd2 Rg7 31. a6 Qg1# 0-1

[Event "DVM U12w 2022"]
[Site "Berlin GER"]
[Date "2022.12.27"]
[Round "2"]
[White "Martin, Helene"]
[Black "Halas, Neele Zoe"]
[Result "0-1"]
[Termination "normal"]
[Board "7.1"]
[WhiteElo "1059"]
[BlackElo "1413"]
[WhiteTeam "Schachklub König Plauen"]
[BlackTeam "Schachgemeinschaft Leipzig"]
[PlyCount "56"]
[WhiteFideId "34639780"]
[BlackFideId "16287282"]
[EventCountry "GER"]
[EventRounds "7"]
[EventType "team-swiss"]
[EventDate "2022.12.26"]

{normal} 1. e4 e5 2. Nf3 Nc6 3. Bc4 Be7 4. c3 Nf6 5. d3 O-O 6. O-O d6 7. Be3 a6
8. a4 Bg4 9. Nbd2 d5 10. exd5 Nxd5 11. Qc2 Nxe3 12. fxe3 Kh8 13. b4 f6 14. d4
exd4 15. cxd4 Nxb4 16. Qe4 Bxf3 17. Rxf3 Rb8 18. Rb1 Qd6 19. Nb3 Qc6 20. Bd3
Qxe4 21. Bxe4 c6 22. Rf2 Rfe8 23. Na5 Bd8 24. Rxb4 Bxa5 25. Rc4 Rxe4 26. Rc5
Bb6 27. Rcf5 Rxe3 28. d5 Re1# 0-1

[Event "DVM U12w 2022"]
[Site "Berlin GER"]
[Date "2022.12.27"]
[Round "2"]
[White "Peglau, Lorena"]
[Black "Ploss, Aliya"]
[Result "1/2-1/2"]
[Termination "normal"]
[Board "7.2"]
[WhiteElo "1233"]
[BlackElo "950"]
[WhiteTeam "Schachgemeinschaft Leipzig"]
[BlackTeam "Schachklub König Plauen"]
[PlyCount "46"]
[WhiteFideId "16290542"]
[BlackFideId "34622357"]
[EventCountry "GER"]
[EventRounds "7"]
[EventType "team-swiss"]
[EventDate "2022.12.26"]

{normal} 1. d4 f5 2. c4 Nf6 3. Nc3 e6 4. Nf3 Be7 5. Bf4 c6 6. e3 d6 7. Bd3 Nbd7
8. O-O O-O 9. Rc1 b6 10. Qb3 Bb7 11. Rfe1 c5 12. dxc5 dxc5 13. Be2 Ne4 14. Red1
Nxc3 15. Qxc3 Qe8 16. Rd2 Nf6 17. Be5 Ne4 18. Qc2 Nxd2 19. Qxd2 Bf6 20. Bxf6
Rxf6 21. Qd1 Qg6 22. Qd7 Bxf3 23. Bxf3 Re8 1/2-1/2

[Event "DVM U12w 2022"]
[Site "Berlin GER"]
[Date "2022.12.27"]
[Round "2"]
[White "Winkler, Frida"]
[Black "Bacakova, Klara"]
[Result "1-0"]
[Termination "normal"]
[Board "7.3"]
[WhiteElo "1133"]
[BlackElo "1205"]
[WhiteTeam "Schachklub König Plauen"]
[BlackTeam "Schachgemeinschaft Leipzig"]
[PlyCount "51"]
[WhiteFideId "34622322"]
[BlackFideId "34605762"]
[EventCountry "GER"]
[EventRounds "7"]
[EventType "team-swiss"]
[EventDate "2022.12.26"]

{normal} 1. e4 c5 2. Nf3 d6 3. d4 cxd4 4. Nxd4 a6 5. Nc3 Nf6 6. f3 e6 7. Be3
Be7 8. Qd2 b5 9. O-O-O e5 10. Nf5 Bxf5 11. exf5 Nc6 12. Nd5 Rc8 13. Nxe7 Nxe7
14. Qxd6 Qxd6 15. Rxd6 Nxf5 16. Rd3 Nxe3 17. Rxe3 Nd5 18. Rxe5 Ne7 19. Bd3 f6
20. Re6 Kf7 21. Rxa6 b4 22. Rb6 Nd5 23. Rb7 Rc7 24. Be4 Ke6 25. Bxd5 Kxd5 26.
Rxc7 1-0